Blurred Limes Quiz Stats

 Plays Quiz Updated Jun 4, 2018

Score 0/10 Timer 03:00
5 Plays Today
% Correct
Lime
98.2%
Lime
97.9%
Lime
97.4%
Lime
96.7%
Lime
96.6%
Lime
95.6%
Lime
93%
Lime
92.7%
Lime
89.2%
Lime
77.5%

You're not logged in!

Compare scores with friends on all Sporcle quizzes.
OR
Log In

Sporcle TV

Today on Sporcle TV


Watch our educational content, quiz creation guides, and fun videos on Sporcle TV.

Show Comments

Extras

Top Quizzes Today


Score Distribution

Your Account Isn't Verified!

In order to create a playlist on Sporcle, you need to verify the email address you used during registration. Go to your Sporcle Settings to finish the process.

Report this User

Report this user for behavior that violates our Community Guidelines.

Details: